Incollable #10 - Histoire - Statistiques

Statistiques générales
  • Ce quiz a été pris 1 746 fois
  • Le résultat moyen est 7 sur 11
Statistiques - réponses
Niveaux Questions Réponses % Correct
CP En quelle saison fête-t-on la nouvelle année ? En hiver
100%
CP Autrefois, quel objet en or portait le Roi de France sur sa tête ? Une couronne
100%
CE1 Quelles sont les deux saisons aux cours desquelles se déroulent les Jeux Olympiques ? L’été et l’hiver
93%
CM2 Sur quelle matière d’origine végétale écrivaient les égyptiens de l’Antiquité ? Sur du papyrus
79%
CE2 Quel Roi Franc a conquis la Gaule au V ème siècle ? Clovis Ier
73%
Collège Quel écrivain a écrit Candide ou l'Optimisme ? Voltaire
66%
Lycée Au Moyen-Âge, dans quelle ville française se sont installés plusieurs papes ? À Avignon
54%
CM1 Quels type de bateaux étaient les bateaux de Christophe Colomb ? Des caravelles
52%
Lycée Quelle gare parisienne du XIX ème siècle est devenue un musée en 1986 ? La gare d’Orsay
48%
CM1 En 4 lettres: impôt payé en nature à l’Église sous l’Ancien Régime. La dîme
47%
Collège Quel homme politique français était surnommé le « Tigre » ? Georges Clemenceau
36%
Aucun quiz correspondant
Distribution des résultats
% des personnes avec chaque résultat
Percentile par nombre de réponses
Votre historique - résultats
Vous n’avez pas pris ce quiz